| Tag |
First Indicator |
Second Indicator |
Subfields |
| LEADER |
00000cam a2200000 a 4500 |
| 001 |
in00001402223 |
| 005 |
20151020054111.0 |
| 008 |
970103s1997 nyu b s001 0 eng |
| 010 |
|
|
|a 97001961
|
| 020 |
|
|
|a 0791433633 (alk. paper)
|
| 020 |
|
|
|a 0791433641 (pbk. : alk. paper)
|
| 035 |
|
|
|a (OCoLC)36225524
|
| 035 |
|
|
|9 AHN0407AM
|
| 040 |
|
|
|a DLC
|c DLC
|d TXA
|d UtOrBLW
|
| 049 |
|
|
|a TXAM
|
| 050 |
0 |
0 |
|a HQ1190
|b .G385 1997
|
| 082 |
0 |
0 |
|a 305.42/01
|2 21
|
| 100 |
1 |
|
|a Gauthier, Jeffrey A.,
|d 1957-
|
| 245 |
1 |
0 |
|a Hegel and feminist social criticism :
|b justice, recognition, and the feminine /
|c Jeffrey A. Gauthier.
|
| 246 |
3 |
0 |
|a Justice, recognition, and the feminine
|
| 264 |
|
1 |
|a Albany :
|b State University of New York Press,
|c [1997]
|
| 264 |
|
4 |
|c ©1997
|
| 300 |
|
|
|a xvii, 233 pages ;
|c 24 cm.
|
| 336 |
|
|
|a text
|b txt
|2 rdacontent
|
| 337 |
|
|
|a unmediated
|b n
|2 rdamedia
|
| 338 |
|
|
|a volume
|b nc
|2 rdacarrier
|
| 490 |
1 |
|
|a SUNY series in social and political thought
|
| 504 |
|
|
|a Includes bibliographical references and index.
|
| 650 |
|
0 |
|a Feminist theory
|x Evaluation.
|
| 600 |
1 |
0 |
|a Hegel, Georg Wilhelm Friedrich,
|d 1770-1831
|x Contributions in feminist criticism.
|
| 650 |
|
0 |
|a Feminist criticism.
|
| 830 |
|
0 |
|a SUNY series in social and political thought.
|
| 948 |
|
|
|a c:cer
|
| 999 |
|
|
|a MARS
|
| 999 |
f |
f |
|s 0f6374fc-d0db-3b16-9152-9197facc942f
|i 29f7dce5-b2a8-384b-957f-68ef78b68947
|t 0
|
| 952 |
f |
f |
|p ric
|a Texas A&M University
|b Rellis Campus
|c Joint Library Facility
|d Remote Storage
|t 0
|e HQ1190 .G385 1997
|h Library of Congress classification
|i unmediated -- volume
|m A14822469251
|
| 998 |
f |
f |
|a HQ1190 .G385 1997
|t 0
|l Remote Storage
|